000 00692nam a22002172 4500
001 0000011890
005 20151217145852.0
008 090119s xx 000 0 eng d
020 _a185567422x :
040 _aKABU
_cKABU
245 1 0 _aJudicial review and social welfare /
_cedited by Trevor Buck.
250 _a1st ed.
260 _aLondon :
_bPinter,
_c1998.
300 _axiv, 338 p.
650 0 _aJudicial review of administrative acts
_zGreat Britain.
_@0000167934
650 0 _aSocial legislation
_zGreat Britain.
_@0000167935
700 1 _aBuck, Trevor.
_@0000167936
852 1 _9p9999 KES
908 _a090119
950 _@1
999 _c3505
_d3505